El ordenamiento canónico
সংরক্ষণ করুন:
| প্রধান লেখক: | |
|---|---|
| বিন্যাস: | গ্রন্থ |
| ভাষা: | স্প্যানিশ |
| প্রকাশিত: |
Pamplona
Universidad de Navarra
1966
|
| মালা: | Canónica de la Universidad de Navarra
|
| বিষয়গুলি: | |
| ট্যাগগুলো: |
ট্যাগ যুক্ত করুন
কোনো ট্যাগ নেই, প্রথমজন হিসাবে ট্যাগ করুন!
|
MARC
| LEADER | 00000nam a2200000 a 4500 | ||
|---|---|---|---|
| 001 | UCT7930 | ||
| 003 | CL-VaPUC | ||
| 008 | 970317e19660000SP |||||||||||||||||spa|d | ||
| 082 | 0 | 4 | |a 262.9 |b HER |2 21 |
| 100 | |a Hervada Xiberta, Francisco Javier |e author |9 588604 | ||
| 245 | 1 | 3 | |a El ordenamiento canónico |
| 300 | |a v | ||
| 942 | |c BK | ||
| 945 | |d 19970317 00:00:00 |a paguirre | ||
| 260 | |a Pamplona |b Universidad de Navarra |c 1966 | ||
| 500 | |a v.1: Aspectos centrales de la construcción del concepto | ||
| 650 | 7 | |a DERECHO CANONICO |2 CL-VaPUC |9 379254 | |
| 650 | 0 | |a Iglesia Católica |9 256114 | |
| 650 | 0 | |a Ordenamiento jurídico |9 355371 | |
| 650 | 7 | |a FINES |2 CL-VaPUC |9 363723 | |
| 650 | 0 | |a Sacramentos |9 257270 | |
| 583 | |a last modification |c 19970317 00:00:00 |k Rodrigo Vera | ||
| 490 | 0 | |a Canónica de la Universidad de Navarra | |
| 999 | |c 256476 |d 256474 | ||
| 952 | |0 0 |1 0 |4 0 |6 262_900000000000000_HER_1966 |7 0 |8 A |9 279232 |a BIBDER |b BIBDER |d 2019-11-19 |h v.1 |i 1809776 |o 262.9 HER 1966 |p 1809776 |r 2023-01-25 |w 2019-11-19 |y BK |k DER | ||